| 000 | 00973nam a2200289 a 4500 | ||
|---|---|---|---|
| 001 | 25288 | ||
| 003 | CO-ViMGA | ||
| 008 | 141112s2004 ck r 000 u spa d | ||
| 015 | _ack - 2010 - xxxx | ||
| 020 | _a9789582413705 (grado 6) | ||
| 040 |
_aCO-ViMGA _bspa _cCO-ViMGA |
||
| 082 | _a468 H47 | ||
| 245 | 1 | 0 |
_aHipertexto Lenguaje / _cGabriela Santa Arciniegas ... [et.al.] |
| 260 |
_aBogotá : _bSantillana, _c2010 |
||
| 300 | _av. ; 29 cm. | ||
| 490 | _aHipertexto Santillana | ||
| 505 | _aGrado 6 - 11 | ||
| 598 | _aNEW - GRAL | ||
| 650 | 1 | 4 | _aEspañol - Enseñanza secundaria - Libros de texto |
| 700 | 1 | _aArango Arango, María Adelaida | |
| 700 | 1 |
_aPlazas Salamanca, Adriana Margarita _94494 |
|
| 700 | 1 |
_aRozo Jimenez, Luis Ernesto _94495 |
|
| 700 | 1 | _aSánchez León, María Cristina | |
| 917 | _a2010 - 3208 4 vol. (2 ejs. de cada uno) | ||
| 942 |
_2ddc _cBK |
||
| 990 | _a2010 - 3208 Santillana 4 vol. (2 ejs. de cada uno) 21 26/04/2010 a716888 | ||
| 999 |
_c10533 _d10533 |
||